Les 10 des villes les plus sûres du monde - Statistiques

Statistiques générales
  • Ce quiz a été pris 191 fois
  • Le résultat moyen est 4 sur 10
Statistiques - réponses
Position Ville % Correct
1 Tokyo
78%
=8 Seoul
56%
2 Singapour
47%
8 Copenhague
42%
5 Sydney
42%
3 Osaka
35%
4 Amsterdam
30%
6 Toronto
27%
10 Melbourne
25%
7 Washington
13%
Aucun quiz correspondant
Distribution des résultats
% des personnes avec chaque résultat
Percentile par nombre de réponses
Votre historique - résultats
Vous n’avez pas pris ce quiz